00714nam a2200205 a 4500008004100000020001500041050001800056100003300074245005700107260004200164300002200206350000900228490005100237490000600288500008400294650003300378650004200411650001400453700004100467120416s1985 ||||||||||||||||| || u a047110521X aGF 23.M35 Wil aBennett, R. J. (Robert John)10aMathematical methods in human geography and planning aChichesterbJohn Wiley and Sonsc1985 axvi, 411p. : ill. a0.00 aHandbook of applicable mathematics. Guidebooks v7 a'A Wiley-Interscience publication.' -Includes index. -Bibliography: p. 335-404. aHuman geography--Mathematics aHuman geography-- Mathematical models aGEOGRAPHY aWilson, A. G. (Alan Geoffrey), 1939-